Every Place in Georgia on a Map - Statistics

General Stats
  • This quiz has been taken 208 times
  • The average score is 92 of 675
Answers on the Map
Answers color-coded by a green-red scale on the quiz's map according to % correct below.
 
Answer Stats
Population Place % Correct
147,780 Savannah
91%
498,715 Atlanta
90%
202,081 Augusta
78%
157,346 Macon
78%
127,315 Athens
77%
206,922 Columbus
70%
60,972 Marietta
64%
37,713 Rome
56%
55,378 Valdosta
55%
108,080 Sandy Springs
54%
69,647 Albany
49%
65,818 Alpharetta
49%
80,308 Warner Robins
48%
24,928 Decatur
45%
92,833 Roswell
44%
107,436 South Fulton
44%
15,210 Brunswick
43%
34,417 Dalton
43%
33,438 Statesboro
43%
42,296 Gainesville
42%
33,036 Kennesaw
42%
11,722 Douglas
40%
55,663 Smyrna
40%
5,557 Jackson
39%
41,296 Milton
39%
82,453 Johns Creek
38%
26,738 Carrollton
37%
18,957 Fayetteville
37%
13,233 Jefferson
37%
31,873 Duluth
35%
51,683 Dunwoody
35%
30,629 Lawrenceville
35%
179 The Rock
35%
32,973 Canton
34%
7,318 Cumming
34%
18,881 Thomasville
34%
13,930 College Park
33%
16,074 Dublin
33%
42,549 Newnan
33%
17,144 Buford
32%
14,042 Dallas
32%
34,650 Douglasville
32%
4,447 Madison
32%
17,070 Milledgeville
32%
20,624 Perry
32%
3,114 Tybee Island
32%
3,754 Washington
32%
16,949 Calhoun
31%
30,858 LaGrange
31%
29,051 McDonough
31%
573 Plains
31%
2,703 Springfield
31%
14,468 Bainbridge
30%
55,161 Brookhaven
30%
23,187 Cartersville
30%
38,358 East Point
30%
4,235 Jonesboro
30%
42,243 Peachtree Corners
30%
20,573 Snellville
30%
17,045 Tifton
30%
4,414 Dawson
29%
4,084 Jasper
29%
14,928 Monroe
29%
38,244 Peachtree City
29%
25,711 Pooler
29%
6,703 Stone Mountain
29%
14,192 Covington
28%
10,785 Vidalia
28%
13,942 Waycross
28%
35,065 Woodstock
28%
22,440 Acworth
27%
34,536 Evans
27%
950 Franklin
27%
794 Greenville
27%
18,256 St. Marys
27%
20,786 Suwanee
27%
661 White
27%
16,230 Americus
26%
2,003 Clayton
26%
4,384 Forsyth
26%
34,891 Hinesville
26%
111 Jacksonville
26%
2,966 Millen
26%
2,195 Trenton
26%
194 | 4,441 Buckhead
24%
17,305 Conyers
24%
7,537 Dahlonega
24%
40,834 Mableton
24%
336 Martin
24%
17,209 Norcross
24%
28,973 Stockbridge
24%
59,194 Stonecrest
24%
9,133 Toccoa
24%
7,713 Austell
23%
3,720 Dawsonville
23%
1,862 Ellijay
23%
11,916 | 2,235 Georgetown
23%
37,005 Tucker
23%
9,391 Flowery Branch
22%
531 Helen
22%
6,888 LaFayette
22%
4,443 Montgomery
22%
16,887 Powder Springs
22%
10,220 Cordele
21%
3,436 Gray
21%
23,478 Griffin
21%
16,644 Lithia Springs
21%
16,633 Richmond Hill
21%
7,425 Swainsboro
21%
18,338 Winder
21%
4,878 Adairsville
20%
30,164 Chamblee
20%
9,429 Druid Hills
20%
977 Jeffersonville
20%
9,809 Jesup
20%
14,502 Lilburn
20%
2,381 Louisville
20%
1,741 Morgan
20%
602 Newton
20%
511 Berlin
19%
1,253 Blue Ridge
19%
10,179 Cairo
19%
10,623 Doraville
19%
8,780 Fort Valley
19%
3,480 Leesburg
19%
14,127 Loganville
19%
34,535 Martinez
19%
613 Milan
19%
4,947 Nashville
19%
4,064 Quitman
19%
3,414 Ringgold
19%
15,129 Riverdale
19%
5,813 Sandersville
19%
1,357 Sparta
19%
14,982 St. Simons
19%
16,970 Villa Rica
19%
2,896 Watkinsville
19%
5,571 Adel
18%
7,495 Auburn
18%
2,560 Ball Ground
18%
3,514 Cleveland
18%
4,640 Elberton
18%
16,483 Fairburn
18%
3,648 Greensboro
18%
2,178 Henderson
18%
866 Jekyll Island
18%
14,638 Moultrie
18%
20,385 North Druid Hills
18%
2,515 Reidsville
18%
9,816 Thomaston
18%
26,830 Union City
18%
12,581 Vinings
18%
5,799 Waynesboro
18%
5,702 Byron
17%
4,874 Chatsworth
17%
14,756 Clarkston
17%
6,882 Dacula
17%
165 Danville
17%
5,658 Eastman
17%
10,423 Fort Oglethorpe
17%
339 Harrison
17%
13,089 | 583 Mountain Park
17%
2,308 Oxford
17%
658 Appling
16%
9,006 Fitzgerald
16%
101 Glenn
16%
1,680 Hamilton
16%
981 Hiawassee
16%
4,929 Hiram
16%
16,213 Holly Springs
16%
2,662 Lithonia
16%
2,928 Vienna
16%
3,506 Blackshear
15%
5,371 Blakely
15%
13,403 Braselton
15%
2,602 Claxton
15%
5,026 Cochran
15%
2,001 Colquitt
15%
7,387 Commerce
15%
821 Crawford
15%
1,460 Darien
15%
337 Dillard
15%
2,833 Donalsonville
15%
19,932 Forest Park
15%
4,730 Grayson
15%
15,577 Grovetown
15%
8,368 Hampton
15%
1,590 Ludowici
15%
4,004 Metter
15%
4,732 Rockmart
15%
769 Screven
15%
25,076 Sugar Hill
15%
2,634 Sylvania
15%
6,814 Thomson
15%
422 Tiger
15%
3,719 West Point
15%
4,942 Baxley
14%
616 Blairsville
14%
7,185 Bremen
14%
525 Chester
14%
1,911 Clarkesville
14%
9,565 Cusseta
14%
3,384 Hahira
14%
6,553 Hapeville
14%
4,088 Hazlehurst
14%
18,337 Kingsland
14%
65 Knoxville
14%
1,480 Lincolnton
14%
8,947 Locust Grove
14%
967 Lumber City
14%
6,253 McRae-Helena
14%
2,141 Midway
14%
6,569 Morrow
14%
18,511 North Decatur
14%
995 Oglethorpe
14%
5,071 Palmetto
14%
4,435 Summerville
14%
742 Talbotton
14%
1,744 Warrenton
14%
195 Allentown
13%
3,433 Alma
13%
237 Andersonville
13%
3,629 Baldwin
13%
1,207 Boston
13%
1,881 Butler
13%
10,190 Cedartown
13%
8,228 Centerville
13%
189 Denton
13%
2,492 East Dublin
13%
10,289 Garden City
13%
3,834 Glennville
13%
1,783 Gordon
13%
2,875 Lakeland
13%
1,641 Lookout Mountain
13%
891 Lumpkin
13%
3,584 Manchester
13%
1,990 Mount Vernon
13%
2,513 Pembroke
13%
10,934 Rincon
13%
3,118 Unadilla
13%
465 Warm Springs
13%
1,062 Woodbine
13%
2,217 Wrens
13%
3,449 Wrightsville
13%
1,098 Young Harris
13%
1,225 Zebulon
13%
1,209 Arlington
12%
122 Bristol
12%
1,585 Buena Vista
12%
2,950 Chattahoochee Hills
12%
4,464 Folkston
12%
3,571 Harlem
12%
4,470 Hartwell
12%
3,980 Hawkinsville
12%
531 Irwinton
12%
203 Lexington
12%
2,541 Monticello
12%
3,498 Ocilla
12%
11,237 Panthersville
12%
31,749 Redan
12%
199 Tallulah Falls
12%
15,129 Wilmington Island
12%
2,685 Abbeville
11%
454 Attapulgus
11%
6,292 Barnesville
11%
715 Bethlehem
11%
2,790 Bloomingdale
11%
1,326 Bogart
11%
1,704 Brooklet
11%
568 Brooks
11%
938 Buchanan
11%
5,187 Camilla
11%
209 Carl
11%
2,917 Chickamauga
11%
276 Climax
11%
540 Collins
11%
4,503 Cornelia
11%
655 Dexter
11%
593 Dudley
11%
650 East Ellijay
11%
6,307 Eatonton
11%
3,697 Echols County
11%
1,595 Ellaville
11%
1,415 Emerson
11%
9,028 Fair Oaks
11%
995 Fort Gaines
11%
2,289 Guyton
11%
1,264 Homer
11%
2,666 Hoschton
11%
722 Kingston
11%
4,239 Lyons
11%
1,149 McCaysville
11%
3,147 Nicholls
11%
197 Oconee
11%
463 Odum
11%
10,878 Port Wentworth
11%
926 Reynolds
11%
1,061 Robins AFB
11%
3,980 Rossville
11%
307 Salem
11%
2,889 Soperton
11%
135 Stockton
11%
5,644 Sylvester
11%
91 Talking Rock
11%
252 Taylorsville
11%
7,658 Tyrone
11%
641 Ty Ty
11%
305 Woodland
11%
264 Woodville
11%
771 Alamo
10%
4,291 Ashburn
10%
3,567 Avondale Estates
10%
744 Blythe
10%
22,468 Candler-McAfee
10%
479 Crawfordville
10%
3,143 Cuthbert
10%
654 Danielsville
10%
250 Fargo
10%
8,821 Fort Stewart
10%
75 Geneva
10%
630 Gibson
10%
3,830 Hephzibah
10%
886 Homeland
10%
2,344 Homerville
10%
752 Lenox
10%
10,122 Lovejoy
10%
153 Mitchell
10%
3,047 Montezuma
10%
1,013 Nahunta
10%
622 Pavo
10%
1,821 Pearson
10%
3,507 Pelham
10%
1,142 Resaca
10%
295 Rhine
10%
615 Riceboro
10%
1,370 Richland
10%
1,167 Rochelle
10%
173 Scotland
10%
9,310 Skidaway Island
10%
4,974 Social Circle
10%
1,472 Sunnyside
10%
203 Sunny Side
10%
692 Sycamore
10%
2,556 Thunderbolt
10%
1,642 Twin City
10%
921 Waleska
10%
3,680 Walthourville
10%
331 Waynesville
10%
2,348 Webster County
10%
908 Woodbury
10%
519 Ailey
9%
970 Alto
9%
447 Arabi
9%
856 Baconton
9%
127 Bellville
9%
2,054 Berkeley Lake
9%
713 Carnesville
9%
341 Cobbtown
9%
8,373 Country Club Estates
9%
159 Daisy
9%
1,832 Davisboro
9%
8,266 Dock Junction
9%
825 Flemington
9%
110 Gay
9%
184 Girard
9%
850 Glenwood
9%
959 Hagan
9%
2,952 Lake City
9%
932 Lake Park
9%
59 Manassas
9%
285 Morganton
9%
1,145 Nelson
9%
512 Oak Park
9%
4,822 Oakwood
9%
210 Oliver
9%
1,216 Pine Mountain
9%
454 Pineview
9%
638 Portal
9%
211 Pulaski
9%
2,649 Royston
9%
995 Sardis
9%
5,016 Senoia
9%
327 Sharpsburg
9%
482 Sky Valley
9%
593 Smithville
9%
2,043 Sparks
9%
194 Surrency
9%
1,960 Trion
9%
963 Tunnel Hill
9%
1,688 Unionville
9%
139 Vernonburg
9%
536 Waco
9%
281 Waverly
9%
1,240 Willacoochee
9%
816 Allenhurst
8%
402 Between
8%
2,161 Bowdon
8%
1,060 Broxton
8%
381 Cadwell
8%
1,174 Cave Spring
8%
289 Chauncey
8%
99 Cherry Log
8%
764 Cohutta
8%
212 Damascus
8%
121 Dixie
8%
738 Doerun
8%
1,058 Enigma
8%
6,409 Fairview
8%
263 Graham
8%
172 Haralson
8%
2,357 Isle of Hope
8%
300 Keysville
8%
2,143 Lavonia
8%
575 McIntyre
8%
928 Meigs
8%
385 Midville
8%
904 Mountain City
8%
749 Patterson
8%
309 Pinehurst
8%
252 Pitts
8%
760 Poulan
8%
2,869 Putney
8%
208 Rebecca
8%
45 Rest Haven
8%
354 Sale City
8%
204 Santa Claus
8%
194 Siloam
8%
2,813 Statham
8%
2,534 Sterling
8%
3,227 Tallapoosa
8%
5,089 Temple
8%
1,597 Union Point
8%
439 Uvalda
8%
1,643 Wadley
8%
6,983 Whitemarsh Island
8%
596 Whitesburg
8%
1,201 Winterville
8%
552 Adrian
7%
0 Aldora
7%
178 Alston
7%
327 Ambrose
7%
363 Barwick
7%
332 Bishop
7%
378 Bostwick
7%
422 Byromville
7%
284 Cecil
7%
1,021 Clermont
7%
378 Concord
7%
6,680 Conley
7%
890 Dasher
7%
2,022 Demorest
7%
1,022 East Newnan
7%
22 Edge Hill
7%
1,230 Edison
7%
210 Ellenton
7%
319 Empire
7%
824 Eton
7%
257 Garfield
7%
3,103 Grantville
7%
7,700 Gresham Park
7%
235 Gumbranch
7%
314 Higgston
7%
310 Hiltonia
7%
480 Hoboken
7%
350 Ila
7%
1,037 Ivey
7%
131 Jakin
7%
4,777 Lakeview
7%
524 Leary
7%
129 Lilly
7%
776 Luthersville
7%
442 Mansfield
7%
124 Mendes
7%
772 Milner
7%
223 Mineral Bluff
7%
506 Morven
7%
290 Newington
7%
963 Norman Park
7%
134 Nunez
7%
672 Ochlocknee
7%
450 Offerman
7%
93 Perkins
7%
956 Ray City
7%
157 Register
7%
1,334 Remerton
7%
312 Rentz
7%
813 Roberta
7%
230 Rockingham
7%
167 Rocky Ford
7%
871 Rutledge
7%
10,698 Scottdale
7%
252 Shady Dale
7%
445 Sumner
7%
1,247 Talahi Island
7%
66 Tarrytown
7%
103 Vidette
7%
481 Alapaha
6%
190 Argyle
6%
223 Avera
6%
360 Axson
6%
186 Bartow
6%
15,113 Belvedere Park
6%
8,999 Bemiss
6%
113 Bluffton
6%
872 Bowman
6%
355 Braswell
6%
643 Canon
6%
263 Carlton
6%
3,962 Chattanooga Valley
6%
630 Colbert
6%
116 Coleman
6%
1,512 Comer
6%
528 Coolidge
6%
838 Crescent
6%
529 Dearing
6%
2,207 Deenwood
6%
117 Deepstep
6%
124 De Soto
6%
134 Du Pont
6%
1,238 Dutch Island
6%
1,561 East Griffin
6%
351 Eulonia
6%
158 Everett
6%
772 Fairmount
6%
91 Gardi
6%
339 Good Hope
6%
3,513 Hardwick
6%
50 Howard
6%
230 Hull
6%
312 Iron City
6%
391 Jenkinsburg
6%
2,329 Kings Bay Base
6%
160 Kite
6%
2,660 Lakeview Estates
6%
2,822 Lula
6%
146 Matthews
6%
480 Menlo
6%
72 Millwood
6%
203 Montrose
6%
382 Moreland
6%
1,391 Mount Airy
6%
546 New England
6%
1,808 Nicholson
6%
202 Norwood
6%
1,318 Omega
6%
1,692 Pendergrass
6%
752 Pine Lake
6%
107 Ranger
6%
158 Rayle
6%
80 Riddleville
6%
891 Rock Spring
6%
861 Shellman
6%
402 Stapleton
6%
439 Stillmore
6%
121 Summertown
6%
1,469 Tennille
6%
383 Toomsboro
6%
2,179 Varnell
6%
504 Warwick
6%
428 Whigham
6%
239 White Plains
6%
681 Williamson
6%
206 Woolsey
6%
1,440 Aragon
5%
1,884 Arcade
5%
4,406 Bonanza
5%
217 Brinson
5%
141 Camak
5%
70 Canoochee
5%
75 Cedar Springs
5%
23 Cogdell
5%
184 Dixie Union
5%
68 Dooling
5%
668 Epworth
5%
4,268 Euharlee
5%
136 Faceville
5%
643 Flovilla
5%
1,155 Franklin Springs
5%
402 Funston
5%
137 Gough
5%
234 Hickox
5%
3,267 Hogansville
5%
252 Hortense
5%
8,740 Irondale
5%
138 Junction City
5%
344 Leslie
5%
454 Lyerly
5%
94 Manor
5%
1,048 Marshallville
5%
1,867 Maysville
5%
44 Mershon
5%
392 Molena
5%
1,307 Moody AFB
5%
1,766 Mount Zion
5%
676 Newborn
5%
54 Norristown
5%
552 North High Shoals
5%
29 Ohoopee
5%
640 Phillipsburg
5%
356 Plainville
5%
1,322 Russell
5%
487 Satilla
5%
197 Seville
5%
104 Sharon
5%
402 Shiloh
5%
257 Talmo
5%
485 Tignall
5%
347 Turin
5%
375 Waresboro
5%
382 Wildwood
5%
657 Yonah
5%
431 Arnoldsville
4%
444 Bowersville
4%
334 Bronwood
4%
129 Calvary
4%
348 Centralhatchee
4%
552 Clyattville
4%
200 Culloden
4%
471 Ephesus
4%
4,679 Heron Bay
4%
407 Ideal
4%
2,336 Indian Springs
4%
146 Jersey
4%
290 Juliette
4%
382 Kennesaw State University
4%
266 Meansville
4%
104 Musella
4%
120 Parrott
4%
1,799 Porterdale
4%
2,724 Reed Creek
4%
231 Roopville
4%
287 Sasser
4%
1,322 Walnut Grove
4%
132 Warthen
4%
638 Waverly Hall
4%
231 Wenona
4%
887 West Brow
4%
233 Avalon
3%
1,565 Berry College
3%
303 Box Springs
3%
151 Boykin
3%
1,433 Cataula
3%
685 Crooked Creek
3%
1,053 Ellerslie
3%
3,328 Experiment
3%
1,267 Fairplay
3%
306 Gillsville
3%
3,121 Hannahs Mill
3%
4,283 Lindale
3%
114 Lone Oak
3%
198 Maxeys
3%
628 Milstead
3%
139 Naylor
3%
219 Orchard Hill
3%
332 Sautee-Nacoochee
3%
1,919 Shannon
3%
27 Tate City
3%
93 Tazewell
3%
394 Yatesville
3%
613 Antioch
2%
497 Bolingbroke
2%
161 Dewy Rose
2%
139 Eagle Grove
2%
4,898 Fairfield Plantation
2%
108 Godfrey
2%
2,358 Gumlog
2%
245 Hilltop
2%
817 Lincoln Park
2%
2,803 Raoul
2%
218 Smarr
2%
921 Sunset Village
2%
434 Piney Grove
1%
No matching quizzes found
Score Distribution
Percent of People with Each Score
Percentile by Number Answered
Your Score History
You have not taken this quiz